| 000 | 005320000a22001930004500 | ||
|---|---|---|---|
| 003 | LK-CoMWRAF | ||
| 008 | 230817t1999 ||||| |||| 00| 0 eng d | ||
| 040 |
_aLK-CoMWRAF _dLK-CoMWRAF _eLK-CoMWRAF |
||
| 041 | _aeng | ||
| 082 |
_a300 _bLIN |
||
| 245 |
_aLinking Up _bCairo,Copenhagen,Beijing+5 Reviews Towards the 21st Century |
||
| 260 |
_aNetherlands _bSID/WIDE _c1999 |
||
| 300 | _ap.47 | ||
| 650 | _aBeijing Platform | ||
| 650 | _aCairo Conference | ||
| 650 | _aGlobalisation | ||
| 650 | _aReproductive Health/Rights | ||
| 942 | _cBK | ||
| 999 |
_c44 _d44 |
||